Java 2 (Record no. 354149)

MARC details
000 -LEADER
fixed length control field 00382nam a2200157Ia 4500
008 - FIXED-LENGTH DATA ELEMENTS--GENERAL INFORMATION
fixed length control field 230719s9999 xx 000 0 und d
041 ## - LANGUAGE CODE
Language code of text/sound track or separate title eng
082 ## - DEWEY DECIMAL CLASSIFICATION NUMBER
Classification number 005.2768
Item number SCH
100 ## - MAIN ENTRY--PERSONAL NAME
Personal name Schildt H.
245 ## - TITLE STATEMENT
Title Java 2
Remainder of title The Complete Reference
250 ## - EDITION STATEMENT
Edition statement 4th ed.
260 ## - PUBLICATION, DISTRIBUTION, ETC. (IMPRINT)
Name of publisher, distributor, etc. Tata Mc Graw Hill
300 ## - PHYSICAL DESCRIPTION
Accompanying material [OBSOLETE, CAN/MARC] Ref 873 C (14425)
365 ## - TRADE PRICE
Currency code Rs.
Price amount 183.00
700 ## - ADDED ENTRY--PERSONAL NAME
Personal name Schildt H.
Holdings
Withdrawn status Lost status Damaged status Not for loan Home library Current library Shelving location Date acquired Vendor Cost, normal purchase price Full call number Barcode Date last seen Cost, replacement price Bill Date Koha item type Original Barcode
        Cummins College of Engineering for Women Pune Cummins College of Engineering for Women Pune Donated Book 31/07/2013 Masurkar Enterprises 183.00 005.2768 CCEP-DB-354 19/07/2023 183.00 19/07/2023 Books D00354